000 00683nam a2200205Ia 4500
003 GCL
008 140319s9999 xx 000 0 ara d
020 _a5342901977
040 _aGCL /
_cGCL
082 0 4 _a791.43
_bب ف
100 1 _aرفيق الصبان
245 1 0 _aفى النقد السينمائى الفرنسى /
_cرفيق الصبان
700 1 _aبورى، جان لويس
260 _aالقاهرة :
_bالهيئة المصرية العامة للكتاب ،
_c1993
300 _a172 ص ؛
_c20 سم
490 _aالالف كتاب الثانى
_v125
650 0 4 _aالسينما - نقد
650 0 4 _aالسينما الفرنسية
942 _2ddc
_cBK
999 _c44835
_d44835